Statistiques concernant Animaux par les 3 premières lettres

Cliquez ici pour prendre le quiz!

Statistiques générales

  • Ce quiz a été pris 257 fois
  • Le résultat moyen est 44 sur 72

Statistiques - réponses

HintRéponse% Correct
AigAigle
100%
AgnAgneau
99%
AbeAbeille
95%
KoaKoala
95%
LapLapin
95%
LouLoup
94%
LéoLéopard
93%
ZèbZèbre
93%
RhiRhinocéros
92%
LynLynx
91%
ReqRequin
91%
VipVipère
91%
OrqOrque
90%
EleEléphant
89%
IguIguane
89%
MygMygale
88%
PhoPhoque
87%
ChiChien
84%
RenRenard
81%
CheCheval
79%
CanCanard
78%
CigCigale
78%
CheChèvre
77%
GueGuépard
76%
PapPapillon
76%
CigCigogne
75%
SinSinge
75%
GirGirafe
74%
CafCafard
73%
BoeBoeuf
71%
CocCoccinelle
70%
MouMouton
70%
OuiOuistiti
70%
VacVache
68%
PutPutois
67%
GreGrenouille
66%
TorTortue
62%
ElaElan
61%
AllAlligator
55%
CobCobra
55%
ScoScorpion
55%
ColColibri
53%
EspEspadon
52%
GueGuêpe
51%
SalSalamandre
51%
SauSaumon
50%
SauSauterelle
47%
CocCochon
46%
MouMoustique
46%
LouLoutre
45%
SurSuricate
45%
PanPanthère
43%
GriGrillon
40%
ManMangouste
38%
PonPoney
37%
ThoThon
37%
MouMoule
36%
AngAnguille
35%
CheChevreuil
34%
ManManchot
34%
GriGrizzly
28%
MarMarmotte
28%
ChiChimpanzé
27%
AyeAye aye
26%
ChiChinchilla
25%
FouFouine
23%
MouMouette
22%
BelBeluga
21%
BelBelette
19%
PiePieuvre
18%
ParParesseux
17%
MarMarabout
10%

Distribution des résultats

Percentile par nombre de réponses

% des personnes avec chaque résultat

Votre développement - résultats

Vous n’avez pas pris ce quiz